Central Library OPAC University of Rajshahi

Chūshingura = (Record no. 16640)

MARC details
000 -LEADER
fixed length control field 01557nam a2200409 a 4500
001 - CONTROL NUMBER
control field 16640
003 - CONTROL NUMBER IDENTIFIER
rucl marc code BD-RjUL
005 - DATE AND TIME OF LATEST TRANSACTION
control field 20211209000032.0
008 - FIXED-LENGTH DATA ELEMENTS--GENERAL INFORMATION
fixed length control field 140215s1971 nyu 000 0 eng d
020 ## - INTERNATIONAL STANDARD BOOK NUMBER
International Standard Book Number 0231035314
035 ## - SYSTEM CONTROL NUMBER
System control number (BD-RjUL)16695
040 ## - CATALOGING SOURCE
Original cataloging agency DLC
Transcribing agency CCV
Modifying agency EQO
-- BD-RjUL
Language of cataloging eng
041 1# - LANGUAGE CODE
Language code of text/sound track or separate title eng
Language code of original jpn
082 00 - DEWEY DECIMAL CLASSIFICATION NUMBER
Classification number 895.623
Author mark and year IZC 1971
090 ## - LOCALLY ASSIGNED LC-TYPE CALL NUMBER (OCLC); LOCAL CALL NUMBER (OCLC)
Classification number (OCLC) (R) ; Classification number, CALL (RLIN) (NR) PL794.6.K3
Local cutter number (OCLC) ; Book number/undivided call number, CALL (RLIN) E5 1981
100 1# - MAIN ENTRY--PERSONAL NAME
Personal name Takeda, Izumo,
Dates associated with a name 1691-1756.
9 (RLIN) 51402
245 10 - TITLE STATEMENT
Title Chūshingura =
Remainder of title The treasury of loyal retainers : a puppet play /
Statement of responsibility, etc. by Takeda Izumo, Miyoshi Shōraku and Namiki Senryū ; translated by Donald Keene.
246 11 - VARYING FORM OF TITLE
Title proper/short title Treasury of loyal retainer
260 ## - PUBLICATION, DISTRIBUTION, ETC. (IMPRINT)
Place of publication, distribution, etc. New York :
Name of publisher, distributor, etc. Columbia University Press,
Date of publication, distribution, etc. 1971.
300 ## - PHYSICAL DESCRIPTION
Pagination x, 183 p. ;
Size 21 cm.
490 1# - SERIES STATEMENT
Series statement UNESCO collection of representative works. Japanese series
Series statement Columbia paperback ;
Volume/sequential designation no. 114
500 ## - GENERAL NOTE
General note Translation of: Kanadehon Chūshingura.
General note "Prepared for the Columbia College Program of Translation from the Oriental Classics."
504 ## - BIBLIOGRAPHY, ETC. NOTE
Bibliography, etc includes bibliographical references.
650 #0 - SUBJECT ADDED ENTRY--TOPICAL TERM
Topical term or geographic name as entry element Forty-seven Rōnin
Form subdivision Drama.
9 (RLIN) 51403
Topical term or geographic name as entry element Japanese drama
Form subdivision Translations into English.
9 (RLIN) 51404
700 1# - ADDED ENTRY--PERSONAL NAME
Personal name Miyoshi, Shōraku,
Dates associated with a name 1696?-1772?
Personal name Namiki, Senryū,
Dates associated with a name 1695-1751.
Personal name Keene, Donald.
830 #0 - SERIES ADDED ENTRY--UNIFORM TITLE
Volume number/sequential designation no. 114
830 #0 - SERIES ADDED ENTRY--UNIFORM TITLE
Uniform title UNESCO collection of representative works.
Uniform title Columbia paperback ;
942 ## - ADDED ENTRY ELEMENTS (KOHA)
Source of classification or shelving scheme Dewey Decimal Classification
Koha item type Books
Holdings
Lost status Source of classification or shelving scheme Damaged status Not for loan Collection code Permanent Location Current Location Shelving location Date acquired Source of acquisition Total Checkouts Full call number Date last seen Copy number Koha item type
  Dewey Decimal Classification   Not For Loan Non-fiction Central Library, University of Rajshahi Central Library, University of Rajshahi Reading Room 26/04/1979 Japan foundation   895.623 IZC 1971 15/02/2014 C-1 Books
  Dewey Decimal Classification     Non-fiction Central Library, University of Rajshahi Central Library, University of Rajshahi   12/02/2002 Japan foundation   895.623 IZC 1971 15/02/2014 C-2 Books